000
003150000a22001450004500
003
MACL
040
_a
MACL
090
_c
44865
_d
44863
100
_a
Gill, Ranjit Singh
245
_a
The Ten Masters
260
_b
Aravali books international
_c
2007
350
_a
2500
650
_a
Religion
942
_c
BOOK
_k
294/GIL
999
_c
44408
_d
44408